000 00411nam a2200145Ia 4500
008 220217s9999||||xx |||||||||||||| ||und||
020 _a9780070680128
082 _a625.1 MUN
100 _aMundrey, J.S
_99795
245 0 _aRailway track engineering
250 _a4th
260 _aMcgraw hill book company
_bNew Delhi
_c2015
300 _aXXII, 630p.
_b1775
650 _aRAIL AND ROAD ENGINEERING
_99796
999 _c187386
_d187386